00856 a2200277 4500003000500000005001700005020002500022020002900047020003100076040000900107082001000116082001100126100002100137245007600158260003700234300002500271650004800296650001800344650002300362650002400385651001100409700002400420942001200444999001900456952010300475Nust20170207154048.0 a0-387-48112-5 (pbk.) a978-0-387-48112-8 (pbk.) a978-0-387-48116-6 (e-ISBN) cNust04a519.204a519.231 aAdler, Robert J.10aRandom fields and geometry(E-BOOK)cRobert J. Adler, Jonathan E. Taylor aNew York :bSpringer,ccop. 2007 axvii, 448 s. :bill. 0aProbability theory and stochastic processes 0aRandom fields 0aSannolikhetskalkyl 0aStochastic geometry aE-BOOK1 aTaylor, Jonathan E. 2ddccBK c193009d193009 00102ddc40708NFICaMCSbMCSd2016-12-12l0o519.2 ADLpMCSEB-2238r2016-12-08w2016-12-12yBK